All Arctic Monkeys songs - Statistics

General Stats
  • This quiz has been taken 40 times
  • The average score is 69 of 138
Answer Stats
Hint Answer % Correct
I Bet You Look Good On The Dancefloor I Bet You Look Good On The Dancefloor
100%
Cornerstone Cornerstone
87%
Teddy Picker Teddy Picker
87%
505
83%
AM | Do I Wanna Know? Do I Wanna Know?
83%
R U Mine? / Electricity R U Mine?
83%
When The Sun Goes Down When The Sun Goes Down
83%
Why'd You Only Call Me When You're High? Why'd You Only Call Me When You're High?
83%
Arabella
78%
Brianstorm
78%
Crying Lightning Crying Lightning
78%
I Wanna Be Yours
78%
Fluorescent Adolescent Fluorescent Adolescent
74%
Knee Socks
74%
Matador
74%
Humbug | My Propeller My Propeller
74%
No. 1 Party Anthem
74%
One For The Road One For The Road
74%
Who The Fuck Are Arctic Monkeys?
74%
Da Frame 2R / Matador Da Frame 2R
70%
Fireside
70%
Mad Sounds
70%
Don't Sit Down 'Cause I've Moved Your Chair Don't Sit Down 'Cause I've Moved Your Chair
65%
Snap Out Of It
65%
Suck It And See Suck It And See
65%
Suck It and See
65%
Dance Little Liar
61%
D is for Dangerous
61%
Fire And The Thud
61%
Mardy Bum
61%
Pretty Visitors
61%
The Car
61%
Black Treacle Black Treacle
57%
Dangerous Animals
57%
Electricity
57%
I Want It All
57%
No Buses
57%
Old Yellow Bricks
57%
Secret Door
57%
Stop The World I Wanna Get Off With You
57%
The Hellcat Spangled Shalalala The Hellcat Spangled Shalalala
57%
Tranquility Base Hotel & Casino Tranquility Base Hotel & Casino
57%
Balaclava
52%
Do Me A Favour
52%
Four Out Of Five
52%
I Bet You Look Good On The Dancefloor
52%
The Bad Thing
52%
Whatever People Say I Am, That's What I'm Not | Who the F*** Are Arctic Monkeys ? The View From The Afternoon
52%
Why'd You Only Call Me When You're High?
52%
You're So Dark
52%
7
48%
Baby I'm Yours
48%
Cigarette Smoker Fiona
48%
Fake Tales Of San Francisco
48%
From The Ritz To The Rubble
48%
If You Were There, Beware
48%
Perhaps Vampires Is A Bit Strong But...
48%
Riot Van
48%
This House Is A Circus
48%
2013
43%
A Certain Romance
43%
Bigger Boys and Stolen Sweethearts
43%
Body Paint
43%
Dancing Shoes
43%
Evil Twin
43%
Leave Before The Lights Come On Leave Before The Lights Come On
43%
Only Ones Who Know
43%
Red Light Indicates Doors Are Secured
43%
Tranquility Base Hotel & Casino Star Treatment
43%
The Afternoon's Hat
43%
The Bakery
43%
The Jeweller's Hands
43%
Tranquility Base Hotel & Casino
43%
Catapult
39%
Don't Sit Down 'Cause I've Moved Your Chair
39%
Hello You
39%
Potion Approaching
39%
Sculptures Of Anything Goes
39%
She Looks Like Fun
39%
Suck It and See She's Thunderstorms
39%
Still Take You Home
39%
The Hellcat Spangled Shalalala
39%
The Car There'd Better Be A Mirrorball
39%
Anyways
35%
Batphone
35%
Big Ideas
35%
Chun Li Flying Bird Kick
35%
Jet Skis On The Moat
35%
Mr Schwartz
35%
One Point Perspective
35%
Perfect Sense
35%
Piledriver Waltz
35%
Science Fiction
35%
The Ultracheese
35%
The World's First Ever Monster Truck Front Flip
35%
Too Much To Ask
35%
American Sports
30%
Brick By Brick
30%
Golden Trunks
30%
I Ain't Quite Where I Think I Am
30%
Library Pictures
30%
Love is a Laserquest
30%
Plastic Tramp
30%
Red Right Hand
30%
That's Where You're Wrong
30%
The Death Ramps
30%
You and I
30%
You Probably Couldn't See For The Lights But You Were Staring Straight At Me
30%
All My Own Stunts
26%
Bad Woman
26%
I.D.S.T
26%
Nettles
26%
Put Your Dukes Up John
26%
Reckless Serenade
26%
Despair In The Departure Lounge
22%
Brianstorm If You Found This It's Probably Too Late
22%
Joining The Dots
22%
Little Illusion Machine
22%
Sketchead
22%
Stickin To The Floor
22%
Temptation Greets You Like Your Naughty Friend
22%
The Blond-O-Sonic Shimmer Trap
22%
What If You Were Right This Time ?
22%
Don't Forget Whose Legs You're On
17%
Fright Lined Dining Room
17%
I Haven't Got My Strange
17%
No matching quizzes found
Score Distribution
Percent of People with Each Score
Percentile by Number Answered
Your Score History
You have not taken this quiz